Szczegóły MARC21

Ekonomika i organizacja przedsiębiorstwa przemysłowego : praca zbiorowa /

003 -Nazwa inst., której nr kontr. jest w polu 001 [,]
    • @
    • Nazwa instytucji, której n kontrolny jest w polu 001
    • NUKAT
005 -DATA I CZAS OSTATNIEJ MODYFIKACJI [,]
    • @
    • pole kontrolne
    • 20241231092352.0
020 -Międzynarod. znormalizowany nr książki - ISBN [ , ]
    • a
    • Numer ISBN
    • 8301100478 Find
040 -Instytucja sporządzająca opis [ , ]
    • a
    • Instytucja, która sporządziła opis (NP)
    • Ł U/BWES
    • c
    • Instytucja, która sporządziła rekord (NP)
    • Ł U/BWES
    • d
    • Instytucja, która zmodyfikowała rekord (P)
    • Ł U/AS
    • d
    • Instytucja, która zmodyfikowała rekord (P)
    • Ł U/MSs
942 -Rodzaj dokumentu [ , ]
    • c
    • Rodzaj dokumentu
    • Książka
245 -Strefa tytułu i oznaczenia odpowiedzialności [0,0]
    • a
    • Tytuł
    • Ekonomika i organizacja przedsiębiorstwa przemysłowego : Find
    • b
    • Ciąg dalszy tytułu (NP)
    • praca zbiorowa / Find
    • c
    • Pozostałe elementy strefy tytułu i oznaczenia odpowiedzialności (NP)
    • pod red. Ryszarda Borowieckiego ; [poszcz. części i rozdz. oprac. Ryszard Borowiecki et al.].
260 -Strefa adresu wydawniczego [ , ]
    • a
    • Miejsce wydania (P)
    • Warszawa ;
    • a
    • Miejsce wydania (P)
    • Kraków :
    • b
    • Nazwa wydawcy (P)
    • Państwowe Wydawnictwo Naukowe,
    • c
    • Data wydania (P)
    • 1990.
300 -Strefa opisu fizycznego [ , ]
    • a
    • Określenie formy książki i/lub objętość (NP)
    • 467 s. :
    • b
    • Oznaczenie ilustracji (NP)
    • il. ;
    • c
    • Format (NP)
    • 24 cm.
336 -Typ zawartości [ , ]
    • a
    • Termin opisujący typ zawartości
    • Tekst
    • b
    • Kod określający zawartość
    • txt
    • 2
    • Źródło (terminu i kodu)
    • rdacontent
337 -Typ mediów [ , ]
    • a
    • Tryb odtwarzania
    • Bez urządzenia pośredniczącego
    • b
    • Kod typu mediów
    • n
    • 2
    • Źródło (terminu i kodu)
    • rdamedia
338 -Typ/rodzaj nośnika [ , ]
    • a
    • Hasło opisujące typ nośnika
    • Wolumin
    • b
    • Kod typu nośnika
    • nc
    • 2
    • Źródło (terminu i kodu)
    • rdacarrier
504 -Uwaga dot. bibliogr. załącznikowej [ , ]
    • a
    • Uwaga dot. bibliografii załącznikowej
    • Bibliogr. przy rozdz.
080 -Uniwersalna Klasyfikacja Dziesiętna [ , ]
    • 2
    • Identyfikator wydania tablic
    • UDC-P058
    • 9
    • UKD
    • 5606
    • a
    • Symbol klasyfikacji
    • 658.1/.5::66/69
    • b
    • Dopowiedzenie
    • Organizacja przedsiębiorstwa przemysłowego.
    • 4
    • UKD2
    • 7665
    • x
    • Poddział wspólny
    • (075.8)
    • c
    • Dopowiedzenie poddz. wspólnego
    • (Podręczniki dla szkół wyższych. Skrypty).
650 -Hasło przedmiotowe [ ,7]
    • a
    • Hasło przedmiotowe
    • Ekonomika przedsiębiorstwa
    • v
    • Określnik formalny
    • podręczniki akademickie.
    • 2
    • Źródło terminu
    • kaba
    • 9
    • KHW
    • 350632
650 -Hasło przedmiotowe [ ,7]
    • a
    • Hasło przedmiotowe
    • Organizacja przedsiębiorstwa
    • v
    • Określnik formalny
    • podręczniki akademickie.
    • 2
    • Źródło terminu
    • kaba
    • 9
    • KHW
    • 349861
980 -Symbol UKD [ , ]
    • a
    • UKD
    • 658.1/.5::66/69(075.8)
700 -Hasło dodatkowe - nazwa osobowa [1, ]
    • a
    • Nazwa osobowa (NP)
    • Borowiecki, Ryszard Find
    • d
    • Daty biograficzne (NP)
    • (1943- ).
    • 9
    • KHW
    • 13952
710 -Hasło dodatkowe - nazwa ciała zbiorowego [2, ]
    • a
    • Nazwa ciała zbiorowego lub nazwa geograficzna jako pierwszy element (NP)
    • Państwowe Wydawnictwo Naukowe (1951-1992).
    • 4
    • Kod relacji
    • pbl
    • 9
    • KHW
    • 52048
920 -ISBN [ , ]
    • a
    • ISBN
    • 83-01-10047-8 Find
Data inwentaryzacji Lokalizacja Numer inwentarzowy Status udost. Uwagi nie widoczne w OPAC
2010-08-10BEE.601921retrokonwersja
 BES.731872retrokonwersja
 BES.731882retrokonwersja
 BES.723512retrokonwersja
 BES.723522retrokonwersja
 BES.723532retrokonwersja
 BES.723542retrokonwersja
 BES.723562retrokonwersja
 BES.723552retrokonwersja
 BES.723572retrokonwersja
 BES.723582retrokonwersja
 BES.723592retrokonwersja
 BES.723602retrokonwersja
 BES.72361-3retrokonwersja
 BES.723622retrokonwersja
 BES.723632retrokonwersja
 BES.723642retrokonwersja
 BES.723652retrokonwersja
 BES.723662retrokonwersja
 BES.723672retrokonwersja
 BES.723682retrokonwersja
 BES.723692retrokonwersja
 BES.723702retrokonwersja
 BES.723712retrokonwersja
 BES.723722retrokonwersja
 BES.723732retrokonwersja
1993-12-22BES.727502 
1993-12-22BES.727512 
1993-12-22BES.727522 
1993-12-22BES.727532 
1993-12-22TTS.72754-3